Flagi lub herby lenien i terytoriów zależnych Polski - Statystyki

Ogólne statystyki
  • Ten quiz został rozwiązany 10 razy
  • Średni wynik to 7 z 45
Statystyki odpowiedzi
Obrazkowy Odpowiedź % Poprawnych
Hospodarstwo Mołdawskie
88%
Księstwo Bydgoskie
50%
Wolne Miasto Gdańsk
38%
Księstwo Dobrzyńskie
25%
Księstwo Kaliskie
25%
Księstwo Mazowieckie
25%
Księstwo Oświęcimskie
25%
Księstwo Sandomierskie
25%
Księstwo Warmińskie
25%
Morawy
25%
Prusy Książęce
25%
Prusy Zakonne
25%
Hospodarstwo Wołoskie
13%
Księstwo Bełskie
13%
Księstwo Brzeskie
13%
Księstwo Chełmskie
13%
Księstwo Czerskie
13%
Księstwo Czeskie
13%
Księstwo Krakowskie
13%
Księstwo Kujawskie
13%
Księstwo Kurlandii I Semigalii
13%
Księstwo Łęczyckie
13%
Księstwo Płockie
13%
Księstwo Podolskie
13%
Księstwo Pomorskie
13%
Księstwo Rawskie
13%
Księstwo Sieradzkie
13%
Księstwo Siewierskie
13%
Księstwo Wieluńskie
13%
Księstwo Zatorskie
13%
Litwa Środkowa
13%
Zastaw Spiski
13%
Księstwo Gdańskie
0%
Księstwo Gniewkowskie
0%
Księstwo Inowrocławskie
0%
Księstwo Kopanickie
0%
Księstwo Lęborsko-Bytowskie
0%
Księstwo Słupskie
0%
Księstwo Warszawskie
0%
Księstwo Wielkopolskie
0%
Księstwo Włodzimierskie
0%
Marchia Miśnieńska
0%
Republika Nowogrodzka
0%
Republika Pskowska
0%
Słowaczyzna
0%
Nie znaleziono quizów pasujących do podanych kryteriów
Rozkład punktacji
Procent ludzi z każdym wynikiem
Percentyl według liczby udzielonych odpowiedzi
Twoja historia wyników
Nie rozwiązałeś tego quizu